119th Congress Senators - Statistics

General Stats
  • This quiz has been taken 229 times
  • The average score is 59 of 99
Answer Stats
State Senator % Correct
Florida Rick Scott
89%
South Carolina Tim Scott
89%
Kentucky Mitch McConnell
84%
Alaska Lisa Murkowski
83%
Florida Marco Rubio
80%
Arizona Mark Kelly
79%
Maine Susan Collins
79%
Georgia Raphael Warnock
78%
Texas Ted Cruz
78%
Maine Angus King
77%
Georgia Jon Ossoff
77%
Vermont Bernie Sanders
76%
Massachusetts Elizabeth Warren
76%
New York Chuck Schumer
75%
Pennsylvania John Fetterman
75%
Kentucky Rand Paul
75%
Arizona Ruben Gallego
75%
Illinois Tammy Duckworth
75%
Alabama Katie Britt
74%
New York Kirsten Gillibrand
73%
Louisiana John Kennedy
71%
Arkansas Tom Cotton
71%
Alabama Tommy Tuberville
71%
California Adam Schiff
70%
California Alex Padilla
70%
New Jersey Cory Booker
70%
Colorado John Hickenlooper
69%
South Carolina Lindsey Graham
69%
New Jersey Andy Kim
68%
Missouri Josh Hawley
68%
Mississippi Cindy Hyde-Smith
67%
Pennsylvania David McCormick
67%
Illinois Dick Durbin
67%
Ohio JD Vance
67%
Iowa Joni Ernst
67%
Nevada Jacky Rosen
66%
Iowa Chuck Grassley
65%
Connecticut Chris Murphy
64%
Michigan Elissa Slotkin
64%
Texas John Cornyn
64%
Hawaii Mazie Hirono
64%
Wisconsin Tammy Baldwin
64%
North Carolina Thom Tillis
63%
Maryland Angela Alsobrooks
62%
Ohio Bernie Moreno
62%
Nevada Catherine Cortez-Masto
62%
Delaware Chris Coons
62%
Alaska Dan Sullivan
61%
Massachusetts Ed Markey
61%
Wisconsin Ron Johnson
61%
Virginia Tim Kaine
61%
Hawaii Brian Schatz
60%
Minnesota Amy Klobuchar
58%
Nebraska Deb Fischer
58%
Michigan Gary Peters
58%
West Virginia Jim Justice
58%
Utah Mike Lee
58%
Rhode Island Sheldon Whitehouse
58%
Montana Tim Sheehy
58%
Louisiana Bill Cassidy
57%
South Dakota John Thune
57%
Colorado Micheal Bennett
57%
New Hampshire Jeanne Shaheen
53%
Delaware Lisa Blunt Rochester
53%
New Hampshire Maggie Hassan
53%
Idaho Mike Crapo
53%
Maryland Chris Van Hollen
52%
Oklahoma Markwayne Mullin
52%
Arkansas John Boozman
51%
Tennessee Marsha Blackburn
51%
Tennesse Marsha Blackburn
51%
New Mexico Ben Ray Luján
50%
Idaho Jim Risch
49%
New Mexico Martin Heinrich
49%
Vermont Peter Welch
49%
Montana Steve Daines
49%
Virginia Mark Warner
48%
North Carolina Ted Budd
48%
Indiana Todd Young
48%
Nebraska Pete Ricketts
47%
Connecticut Richard Blumenthal
47%
Washington Patty Murray
46%
Kansas Roger Marshall
46%
Oregon Jeff Merkley
45%
Missouri Eric Schmitt
44%
Kansas Jerry Moran
44%
Rhode Island Jack Reed
43%
Washington Maria Cantwell
43%
Oklahoma James Lankford
42%
Indiana Jim Banks
42%
Mississippi Roger Wicker
42%
West Virginia Shelley Moore Capito
42%
North Dakota Kevin Cramer
40%
Oregon Ron Wyden
40%
Wyoming Cynthia Lummis
39%
Wyoming John Barasso
39%
Utah John Curtis
38%
North Dakota John Hoeven
36%
South Dakota Mike Rounds
34%
No matching quizzes found
Score Distribution
Percent of People with Each Score
Percentile by Number Answered
Your Score History
You have not taken this quiz